A level film studies : (Record no. 126790)

MARC details
000 -LEADER
campo de control de longitud fija 02589nam a22002777a 4500
003 - IDENTIFICADOR DE NÚMERO DE CONTROL
campo de control BJBSDDR
005 - FECHA Y HORA DE LA ÚLTIMA TRANSACCIÓN
campo de control 20260429160219.0
007 - CAMPO FIJO DE DESCRIPCIÓN FÍSICA--INFORMACIÓN GENERAL
campo de control de longitud fija ta
008 - DATOS DE LONGITUD FIJA--INFORMACIÓN GENERAL
campo de control de longitud fija 260414s2025 nyu||||| |||| 00| 0 eng d
020 ## - NÚMERO INTERNACIONAL ESTÁNDAR DEL LIBRO
Número Internacional Estándar del Libro 9781032801933 (pbk)
040 ## - FUENTE DE CATALOGACIÓN
Lengua de catalogación eng
Centro/agencia transcriptor DLC
041 ## - CÓDIGO DE IDIOMA
Código de lengua del texto/banda sonora o título independiente eng
050 14 - SIGNATURA TOPOGRÁFICA DE LA BIBLIOTECA DEL CONGRESO
Número de clasificación PN 1994
Número de ítem B479a 2025
100 1# - ENTRADA PRINCIPAL--NOMBRE DE PERSONA
Nombre de persona Benyahia, Sarah Casey
9 (RLIN) 47925
245 10 - MENCIÓN DEL TÍTULO
Título A level film studies :
Resto del título the essential introduction /
Mención de responsabilidad, etc. Sarah Casey Benyahi and John White.
250 ## - MENCION DE EDICION
Mención de edición Fourth edition
260 ## - PUBLICACIÓN, DISTRIBUCIÓN, ETC.
Lugar de publicación, distribución, etc. New York, NY :
Nombre del editor, distribuidor, etc. Routledge,
Fecha de publicación, distribución, etc. 2025
300 ## - DESCRIPCIÓN FÍSICA
Extensión xii, 407 pages :
Otras características físicas illustrations ;
Dimensiones 25 cm
504 ## - NOTA DE BIBLIOGRAFÍA, ETC.
Nota de bibliografía, etc. Includes bibliographical references and index.
520 ## - RESUMEN, ETC.
Sumario, etc. "Companion for students undertaking A Level Film Studies. The first part of this book establishes a basic understanding of the grounding of film analysis in the various elements of film construction, mise en scène, cinematography, editing, sound and performance, developing the knowledge students have of movies whilst challenging them to consider new films and ideas. Key theoretical approaches around narrative, genre, representation, spectatorship and authorship are introduced in Part II, before we consider specific national cinemas from around the world in parts III and IV. In Part V, the book assesses a range of slightly different film experiences, looking at silent cinema, experimental films and documentaries; before, finally, Part VI shifts to evaluating creative approaches to students' own filmmaking. Thoroughly revised and updated to match exam specifications for both Eduqas and OCR, the fourth edition of this essential textbook features: Case studies and activities relating to a number of films, including those new to the syllabus such as Get Out, Cleo from 5 to 7, and Belfast, each clearly signposted to the relevant board and specification. Fully integrated online resources, cross-referenced within the text, to help students and instructors dive deeper into case studies and exam prep. Even more chapter summaries and breakout boxes containing definitions of key terms, theories, and theorists throughout. Designed to be comprehensive and easy-to-use, A Level Film Studies: The Essential Introduction covers everything students need to succeed in their exams. This book is supported by e-resources for students and instructors, including additional case studies, revision checklists, and key approaches to assessment
650 #4 - PUNTO DE ACCESO ADICIONAL DE MATERIA--TÉRMINO DE MATERIA
Término de materia o nombre geográfico como elemento de entrada Cine
Subdivisión general Historia
9 (RLIN) 1506
650 #4 - PUNTO DE ACCESO ADICIONAL DE MATERIA--TÉRMINO DE MATERIA
Término de materia o nombre geográfico como elemento de entrada Cine
Subdivisión general Producción y dirección
9 (RLIN) 99
700 1# - ENTRADA AGREGADA--NOMBRE PERSONAL
Nombre de persona White, John,
Fechas asociadas al nombre 1956-
9 (RLIN) 48212
942 ## - ELEMENTOS DE ENTRADA SECUNDARIOS (KOHA)
Fuente del sistema de clasificación o colocación Clasificación de Library of Congress
Tipo de ítem Koha Libro
946 ## - PROCESAMIENTO DE INFORMACIÓN LOCAL (OCLC)
Iniciales del agente catalogador cmc
Holdings
Estatus retirado Estado de pérdida Fuente del sistema de clasificación o colocación Estado de daño No para préstamo Colección Biblioteca de origen Biblioteca actual Ubicación en estantería Fecha de adquisición Signatura topográfica completa Código de barras Visto por última vez Copia número Tipo de ítem Koha
    Clasificación de Library of Congress     Humanidades Biblioteca Juan Bosch Biblioteca Juan Bosch Humanidades (4to. Piso) 14/04/2026 PN 1994 B479a 2025 00000198947 14/04/2026 1 Libro